Language Quiz

Random Language or Letter Quiz

Double Word Hourglass II Quiz Stats

Quiz Updated Jun 13, 2015

Challenge
Share
Tweet
Embed
Score 0/17 Timer 03:00
1 Play Today
Clue Word % Correct
2.718281828459….E
100%
Symbol for 1/100th of a £P
100%
3.1415926535….PI
95.1%
An award won by Nelson Mandela and Mother Teresa [Part 1]NOBEL
94.8%
The highest or lowest cardACE
94.3%
Isn't it so?, in French: N'est–__ pas?CE
91.9%
TempoPACE
91.8%
An award won by Nelson Mandela and Mother Teresa [Part 2]PEACE
91.4%
Patella or coccyx, e.g.BONE
90.1%
Clue Word % Correct
45° on a compassNE
89.7%
An award won by Nelson Mandela and Mother Teresa [Part 3]PRIZE
86.8%
A long period of timeEON
86.4%
A middle length albumEP
83.7%
A simianAPE
82.2%
May, Ann or Cod, e.g.CAPE
78.8%
Ready to eatRIPE
73.5%
Architect that designed the Pyramid at the LouvrePEI
62%

You're not logged in!

Compare scores with friends on all Sporcle quizzes.
Sign Up with Email
OR
Log In

You Might Also Like...

Show Comments

Extras

Top Quizzes Today


Score Distribution

Your Account Isn't Verified!

In order to create a playlist on Sporcle, you need to verify the email address you used during registration. Go to your Sporcle Settings to finish the process.